[Event "Challenge"]
[Site "http://www.queenalice.com/game.php?id=1028170"]
[Date "2012.2.9"]
[Round "-"]
[White "antoniozla"]
[Black "LeonideAraujoLima"]
[Result "1/2-1/2"]
[WhiteElo "1639"]
[BlackElo "1100"]

1. e4 c5 2. Bc4 d6 3. h3 e6 4. Nf3 Nf6 5. d3 Nc6 6. Bg5 Be7 7. Nc3 O-O 8. O-O
Bd7 9. d4 cxd4 10. Nxd4 Nxd4 11. Qxd4 e5 12. Qe3 d5 13. exd5 Nxd5 14. Bxd5 Bxg5
15. Qxe5 Bf6 16. Qe4 Re8 17. Qf3 Bc6 18. Bxc6 bxc6 19. Qxc6 Rc8 20. Qd5 Bxc3 21.
Qxd8 Rexd8 22. bxc3 Rxc3 23. Rfd1 Rxd1+ 24. Rxd1 g6 25. Rd7 Ra3 26. c4 Rxa2 27.
c5 a5 28. c6 Rc2 29. c7 Kg7 30. f3 a4 31. Rd4 Rxc7 1/2-1/2

[Event "Challenge"]
[Site "http://www.queenalice.com/game.php?id=1028174"]
[Date "2012.2.9"]
[Round "-"]
[White "RobertD"]
[Black "LeonideAraujoLima"]
[Result "1-0"]
[WhiteElo "1932"]
[BlackElo "1062"]

1. e4 c5 2. Nf3 d6 3. Bb5+ Bd7 4. Bxd7+ Nxd7 5. O-O Ngf6 6. d3 e5 7. Nc3 Be7 8.
Be3 O-O 9. Nd5 Nxd5 10. exd5 Nb6 11. c4 Bf6 12. Rb1 Qe7 13. b3 e4 14. dxe4 Qxe4
15. Re1 Qg6 16. Bf4 Rad8 17. Qc1 Nc8 18. Bg3 Ne7 19. b4 b6 20. bxc5 dxc5 21. a4
Bd4 22. Nxd4 cxd4 23. Rxe7 Ra8 24. Rb2 Rfe8 25. Rbe2 1-0

[Event "Challenge"]
[Site "http://www.queenalice.com/game.php?id=1028175"]
[Date "2012.2.9"]
[Round "-"]
[White "RobertD"]
[Black "LeonideAraujoLima"]
[Result "1-0"]
[WhiteElo "1930"]
[BlackElo "1062"]

1. d4 c5 2. dxc5 Qa5+ 3. Nc3 Qxc5 4. e3 e5 5. Ne4 Qb6 6. Nf3 Nc6 7. c3 d5 8. Ng3
Nf6 9. Be2 Bd6 10. Ng5 h6 11. Nf3 Be6 12. O-O O-O 13. h3 e4 14. Nd4 Nxd4 15.
cxd4 Bxg3 16. fxg3 Qd6 17. Qe1 Rac8 18. Bd2 Bf5 19. Rxf5 Qe6 20. Re5 Qb6 21. Bc3
Rfe8 22. Rxe8+ Rxe8 23. b4 Qc7 24. Bb5 Re7 25. Be2 1-0

[Event "Challenge"]
[Site "http://www.queenalice.com/game.php?id=1028176"]
[Date "2012.2.9"]
[Round "-"]
[White "RobertD"]
[Black "LeonideAraujoLima"]
[Result "1-0"]
[WhiteElo "1938"]
[BlackElo "1062"]

1. e4 c5 2. f4 d6 3. Nf3 e6 4. Bb5+ Bd7 5. Bxd7+ Nxd7 6. O-O Ngf6 7. d3 Be7 8.
Nc3 O-O 9. Be3 e5 10. Nd5 exf4 11. Bxf4 Nxd5 12. exd5 Bf6 13. Bxd6 Be7 14. Bxe7
Qxe7 15. c4 Qf6 16. Qb3 b6 17. Qc3 Qxc3 18. bxc3 Rae8 19. Rae1 Rxe1 20. Rxe1 Nf6
21. Re7 Ra8 22. Ne5 Re8 23. d6 Rxe7 24. dxe7 1-0

[Event "AUTO-OPEN-2607"]
[Site "http://www.queenalice.com/game.php?id=1028482"]
[Date "2012.2.10"]
[Round "1"]
[White "astronomoX"]
[Black "LeonideAraujoLima"]
[Result "1-0"]
[WhiteElo "1481"]
[BlackElo "1083"]

1. e4 c5 2. Nf3 d6 3. d4 cxd4 4. Nxd4 e6 5. Nc3 Nf6 6. Bg5 Be7 7. f4 e5 8. fxe5
dxe5 9. Bb5+ Bd7 10. Bxd7+ Nbxd7 11. Nf5 h6 12. Nxg7+ Kf8 13. Bxf6 Bxf6 14. Nf5
Bh4+ 15. g3 Bg5 16. h4 Be7 17. Nd5 Bc5 18. Qf3 Nb6 19. O-O-O Qd7 20. Nxb6 Qb5
21. Nxa8 1-0

[Event "AUTO-OPEN-2607"]
[Site "http://www.queenalice.com/game.php?id=1028483"]
[Date "2012.2.10"]
[Round "1"]
[White "LeonideAraujoLima"]
[Black "astronomoX"]
[Result "0-1"]
[WhiteElo "1100"]
[BlackElo "1430"]

1. e4 c5 2. Nf3 d6 3. d4 cxd4 4. Nxd4 Nf6 5. Nc3 a6 6. Nb3 Qb6 7. Be3 Qc7 8. a4
g6 9. Bd3 Ng4 10. Qf3 Nxe3 11. fxe3 h5 12. O-O e6 13. Qf6 Rh7 14. e5 Nd7 15.
exd6 Bxd6 16. Qf3 Bxh2+ 17. Kh1 Ne5 18. Qe4 Bg3 19. Rf3 f5 0-1

[Event "AUTO-OPEN-2607"]
[Site "http://www.queenalice.com/game.php?id=1028497"]
[Date "2012.2.10"]
[Round "1"]
[White "Elafsson"]
[Black "LeonideAraujoLima"]
[Result "1-0"]
[WhiteElo "1500"]
[BlackElo "1100"]

1. e4 c5 2. Nf3 d6 3. d4 cxd4 4. Nxd4 e6 5. Nc3 Nf6 6. Be3 Nc6 7. Be2 Be7 8. O-O
e5 9. Nb3 O-O 10. f3 Be6 11. Nd5 Nxd5 12. exd5 Nd4 13. dxe6 Nxb3 14. exf7+ Rxf7
15. axb3 Bg5 16. Bxg5 Qxg5 17. Bc4 1-0